000 00735nam a2200241Ia 4500
001 9091
003 GE_BSU
008 181216s||||||||xx |||||||||||||| ||und||
040 _cGE_BSU
080 _a821.353.1-31
100 _aლაბაძე,გოგი
245 _aმატარებლები გადიან ხიდზე
245 _bრომანი
245 _cმხატვ:კ.ბანეთიშვილი
260 _aთბილისი.
260 _bმერანი.
260 _c1968
300 _a130გვ;17სმ.
300 _bპორტ.
653 _aმატარებლები გადიან ხიდზე
653 _aრომანი
942 _cBK
999 _c42395
_d42395